000 00768nam a22001817a 4500
999 _c371795
_d371795
008 201127b ||||| |||| 00| 0 eng d
040 _aDE-2950
_bger
_cDE-2950
_erda
041 _ager
245 _aBrücken bauen in Zeiten des Krieges.
_bSommercamp. Jugendliche aus den Partnerstädten von Frankfurt und Slubice sind derzeit in der Doppelstadt zu Gast, darunter auch aus Schostka in der Ukraine und Wizebsk in Belarus/
_cLisa Mahlke
264 _c2022
653 _aFrankfurt (Oder)
653 _aSommercamp
773 _dFrankfurt (Oder) Märkisches Verlags- und Druckhaus GmbH & Co KG
_tMärkische Oderzeitung
_g33. Jahrgang (2022) Nr. 188 vom 13./14.08.2022, S. 19; Foto
942 _cA